000 00518nam a2200181Ia 4500
001 45334
008 140428s9999 xx 000 0 und d
020 _aNA
040 _cPK-LaUMT
082 _aRHC 891.4396
_bMAK-
100 _aAbu Suleman Shahjehanpuri
245 _aMaktoobaat-e-Raesul Ahrar Maulana Muhammad Ali (siyyaasi) (Urdu)
_cAbu Suleman Shahjehanpuri
260 _aKarachi,Pakistan:
_bModern Publishers,
_c1978
300 _a319 p.
546 _aUR
650 _aPakistani literature-Urdu
942 _cBK
999 _c43302
_d43302